| 000 -CABECERA |
| fixed length control field |
00951nam a22002297a 4500 |
| 003 - IDENTIFICADOR DEL NÚMERO DE CONTROL |
| control field |
AR-CdUCM |
| 008 - DATOS DE LONGITUD FIJA--INFORMACIÓN GENERAL |
| fixed length control field |
190304b ||||| |||| 00| 0 spa d |
| 040 ## - FUENTE DE LA CATALOGACIÓN |
| Agencia/entidad que catalogó originalmente la obra |
MUNICIPALIDAD PROVINCIAL DEL CUSCO |
| Entidad que transcribió la catalogación |
BIBLIOTECA MUNICIPAL DEL CUSCO |
| 082 ## - NÚMERO DE LA CLASIFICACIÓN DECIMAL DEWEY |
| No. de la edición |
3ed |
| No. de Clasificación |
925 / |
| Notacion interna |
D96 |
| 100 ## - ENTRADA PRINCIPAL--NOMBRE DE PERSONA |
| Nombre Personal |
Dubos, René J. |
| 245 ## - MENCIÓN DE TÍTULO |
| Título |
Luis Pasteur : |
| Resto del título |
Francotirador de la Ciencia / |
| 260 ## - PUBLICACIÓN, DISTRIBUCIÓN, ETC. |
| Lugar de publicación, distribución, etc. |
México D. F. : |
| Nombre de la editorial, distribuidor, etc. |
Biografías Gandesa, |
| Fecha de publicación, distribución, etc. |
1953. |
| 300 ## - DESCRIPCIÓN FÍSICA |
| Nº de Páginas Extensión |
350 páginas ; |
| Otros detalles físicos |
ilustraciones, retratos, |
| Dimensiones |
22 cm. |
| 505 ## - NOTA DE CONTENIDO CON FORMATO |
| Nota de contenido formateada |
Contenido: El siglo maravilloso -- La leyenda de Pasteur -- Pasteur en acción -- Desde los cristales a la vida -- La domesticación de la vida microbiana -- La unidad bioquímica de la vida -- Las enfermedades de los gusanos de seda ... |
| 650 ## - PUNTO DE ACCESO ADICIONAL DE MATERIA--TÉRMINO DE MATERIA |
| Descriptor |
Biografía |
| 9 (RLIN) |
22 |
| 650 ## - PUNTO DE ACCESO ADICIONAL DE MATERIA--TÉRMINO DE MATERIA |
| Descriptor |
Francia |
| 9 (RLIN) |
1444 |
| 650 ## - PUNTO DE ACCESO ADICIONAL DE MATERIA--TÉRMINO DE MATERIA |
| Descriptor |
Ciencias |
| 9 (RLIN) |
8174 |
| 700 ## - PUNTO DE ACCESO ADICIONAL--NOMBRE DE PERSONA |
| Nombre Personal |
Guerra, Francisco (Traducción) |
| 9 (RLIN) |
8175 |
| 942 ## - ELEMENTOS DE PUNTO DE ACCESO ADICIONAL (KOHA) |
| Fuente de clasificación |
|
| Tipo de item |
Libros-BMC |
| 945 ## - PROCESAMIENTO DE INFORMACIÓN LOCAL (OCLC) |
| Catalogador |
davv |
| AAAA-MM-DD - Fecha de ingreso o modificacion |
2019-05-15 |